MCU super hero real names - Statistics

General Stats
  • This quiz has been taken 110 times
  • The average score is 12 of 14
Answer Stats
Super hero name Real name % Correct
Hulk Bruce Banner
100%
Iron Man Tony Stark
100%
Winter Soldier James Barnes
96%
Spider Man Peter Parker
95%
Captain America Steve Rodgers
95%
Black Panther T'Challa
93%
Star Lord Peter Quill
92%
Hawkeye Clint Barton
87%
Dr. Strange Stephen Strange
86%
Black Widow Natasha Romanoff
84%
Ant-Man Scott Lang
81%
Falcon Sam Wilson
77%
Captain Marvel Carol Danvers
76%
War Machine James Rhodes
75%
No matching quizzes found
Score Distribution
Percent of People with Each Score
Percentile by Number Answered
Your Score History
You have not taken this quiz